00286nam a2200109Ia 4500008004100000020001800041041000800059082001600067100002100083245002600104260004600130230717s1967 xx 000 0 und d a81-7504-015-7 aeng a346.02bWEE aWeeramantry C. G aLaw Of Contracts V.01 aNew DelhibLawman (India) Pvt. Ltd.c1967